000 01001nam a2200253 a 4500
008 120416s1988 ||||||||||||||||| || u
020 _a1850431051
050 _aHD 88 New
100 _aHadjor, Kofi Buenor
245 1 0 _aNew perspectives in North-South dialogue
_cedited by Kofi Buenor Hadjor
246 _aessays in honour of Olof Palme
260 _aLondon
_bThird World Communications
_c1988
300 _a343p. : ill
350 _a0.00
650 _aECONOMIC DEVELOPMENT--INTERNATIONAL COOPERATION
650 0 _aECONOMICS
650 0 _aINTERNATIONAL ECONOMIC RELATIONS
650 _aDEVELOPING COUNTRIES--FOREIGN ECONOMIC RELATIONS
650 _aPalme, Olof, 1927-1986
650 _aWORLD POLITICS--1985-1995
700 _aPalme, Olof, 1927-1986
856 _uhttp://www.loc.gov/catdir/toc/hol052/88171725.html
995 _D0.00
_FCBU-MAIN LIBRARY (Kitwe)
_H1
_I30000.00
_M1
_ULOST
_VMar 11, 2013
_ZMain Library Open Access Collection
999 _c52178
_d52178